00375nam a2200121Ia 4500008004100000041000800041082000800049100008200057245003900139260004900178300002000227440000600247221007s9999 xx 000 0 und d aeng bMEG aMegha Maknikar - 2k171028; Dr. Sonali Parchure - Guide & Shriram Housing Fin. aAnalysis Of The Financial Position c2018bSavitribai Phule Pune UniversityaPune a48pcHard Bound v1